000 00557nam a22001817a 4500
005 20141125114532.0
010 _aENG-111275
020 _a9789382400080
_c450.00
035 _aEN-94807
037 _bDBAD/PUB
082 _a631.584
100 _aHoward, Alebert
245 _aThe soil and health :
_cby Albert Howard
_ba study of organic agriculture /
260 _aIndore
_bBanyan Tree
_c2013
270 _a1-B Dhenu Market, 2nd Floor
_bIndore
_e452003
300 _axxviii, 341p. :
_c23cm(pbk)
_bill.
942 _2ddc
_cEN
_mHOW
_h631.584
999 _c90124
_d90124